000 00899nam1a22002291i 4500
001 rc\4602045
005 20240726004525.0
035 _a(NLR Aleph) 008389325
090 _a9167324
_c9167324
100 _a20130416d1960 |||y0rusy50 ca
101 1 _arus
_cfre
102 _aRU
105 _ay z |||||
200 1 _aМоечно-шприцевальная многованная машина непрерывного действия "LC.26" для пивных бутылок 0,5 и 0,33 л
_eПроизводительность 20000 бутылок в час
_eИнструкция
_eПер. с фр.
_eЧ. 1
_fПредприятия Шелл
210 _a[Москва
_cБ. и.
_d1960]
215 _d29
300 _aТекст на одной стороне листа
300 _aЛитогр.
801 0 _aRU
_bNLR
_gpsbo
801 1 _aRU
_bELAR
_2rusmarc
852 _aNLR
_j60-8/968
942 _cBOOK